000 01587nam a2200409 i 4500
001 38650
003 KOSZ 005
005 20200506110553.0
008 961010s2000 pl f |000 0 pol d
020 _a83727971X
040 _cKOSZ 005
_aKOSZ 005
_dKOSZ 005/HR
041 1 _apol
_heng
080 _a004.72/.73
100 1 _aChappell, Laura
_eAutor
245 1 0 _aKonfiguracja routerów Cisco :
_bzaawansowane możliwości /
_cLaura Chappell ; przekł. z ang. Wiesława Jachymczyk (1-12, dodatek A, słownik), Tomasz Michałowski (13-18), dodatki b-f).
260 _aWarszawa :
_b"Mikom",
_c2000.
300 _a537 s. :
_brys. ;
_c24 cm.
336 _2rdacontent
_aTekst
_btxt
337 _2rdamedia
_aBez urządzenia pośredniczącego
_bn
338 _2rdacarrier
_aWolumin
_bnc
380 _aKsiążki
380 _aPublikacje fachowe
385 _aInformatycy
388 _a1901-2000
500 _aNa okł.: pod red. Laury Chappell. - Dod. do tyt.:"Pprzygotowanie do certyfikatów CCNP i CCDP, oficjalny podręcznik szkoleniowy".
504 _aIndeks.
650 7 _aSieć komputerowa lokalna
650 7 _aSieć komputerowa rozległa
650 7 _aRuter
655 _aPodręcznik
658 _aInformatyka i technologie informacyjne
700 2 _aJachymczyk, Wiesława
_eTłumaczenie
700 2 _aMichałowski, Tomasz
_eTłumaczenie
710 2 _aWydawnictwo Mikom
_4pbl
856 _uhttp://koha.tu.koszalin.pl/cgi-bin/koha/opac-detail.pl?biblionumber=38650
_yKatalog online BPK
942 _cKS
_2UKD
999 _c38650
_d38650